| 000 | 01664nam a2200253Ii 4500 | ||
|---|---|---|---|
| 008 | 221202s xx 000 0 und d | ||
| 245 | 0 | _aTowards Consistency and Transparency in Academic Integrity | |
| 264 | 1 |
_aBern _bPeter Lang International Academic Publishers _c2018 |
|
| 300 | _a1 online resource (266 pages) | ||
| 336 |
_atext _btxt _2rdacontent |
||
| 337 |
_acomputer _bc _2rdamedia |
||
| 338 |
_aonline resource _bcr _2rdacarrier |
||
| 520 | _aThis book is an outcome of the 4th International Conference «Plagiarism across Europe and Beyond» organized by Canakkale Onsekiz Mart University, Mendel University in Brno, and the European Network for Academic Integrity. The conference is co-funded by the Erasmus+ Strategic Partnerships Programme of the European Union. It aims to be a forum for sharing best practices and experiences by addressing issues of academic integrity from a wide-scope global perspective. With regards to the crucial role of ethics and honesty in academic work, universities are in need of more effective policies against infringements of academic standards. The papers in this book therefore aim to contribute to the standardization of consistent and transparent approaches to issues of academic integrity from several perspectives. | ||
| 653 | _aAcademic | ||
| 653 | _aConsistency | ||
| 653 | _aContract Cheating | ||
| 653 | _aEssay Mills | ||
| 653 | _aHigher Education | ||
| 700 | 1 | _aFoltýnek, Tomáš | |
| 700 | 1 | _aGlendinning, Irene | |
| 700 | 1 | _aRazi, Salim | |
| 856 | _uhttps://library.oapen.org/bitstream/20.500.12657/47391/1/9783631781586.pdfhttps://library.oapen.org/handle/20.500.12657/47391 | ||
| 942 | _cE-BOOK | ||
| 999 |
_c67132 _d67132 |
||